Cuestiones de participación en la innovación tecnológica
Đã lưu trong:
| Tác giả chính: | |
|---|---|
| Tác giả của công ty: | |
| Định dạng: | Texto |
| Được phát hành: |
Bruselas:
Oficina de publicaciones Oficiales de las comunidades Europeas
|
| Các nhãn: |
Thêm thẻ
Không có thẻ, Là người đầu tiên thẻ bản ghi này!
|
MARC
| LEADER | 00000 a a2200000 04500 | ||
|---|---|---|---|
| 001 | 23359 | ||
| 003 | |||
| 040 | |a CRAI/IIS |c CRAI/IIS | ||
| 020 | |a 92-826-6378-7 | ||
| 090 | |a 162500 | ||
| 100 | |a Gill, Colin | ||
| 110 | |a Fundación Europea para la mejora de las condiciones de vida y de trabajo | ||
| 245 | |a Cuestiones de participación en la innovación tecnológica | ||
| 260 | |a Bruselas: |b Oficina de publicaciones Oficiales de las comunidades Europeas | ||
| 300 | |a 26 p. | ||
| 999 | |c 1914 |d 1914 | ||



